[Event "XXIV Torneo Magistral Internacional de Elgoibar"]
[Site "Elgoibar"]
[Date "2014.12.13"]
[Round "1"]
[Board "1"]
[White "Almagro Llamas, Pablo"]
[Black "Gonzalez De La Torre, Santiago"]
[Result "0-1"]
[WhiteElo "2487"]
[BlackElo "2435"]
[PlyCount "42"]
[EventDate "2014.12.13"]
[EventRounds "9"]
[EventCountry "ESP"]

1. d4 d5 2. Nf3 Nf6 3. c4 e6 4. Nc3 c6 5. e3 Nbd7 6. Qc2 Bd6 7. Bd3 O-O 8. O-O
e5 9. cxd5 cxd5 10. e4 exd4 11. Nxd5 Nxd5 12. exd5 Nf6 13. Nxd4 h6 14. Rd1 Re8
15. h3 Nxd5 16. Bc4 Nb6 17. Bxh6 Nxc4 18. Qxc4 Qh4 19. Qb5 Re5 20. Nf3 Rxb5 21.
Nxh4 Be7 0-1

[Event "XXIV Torneo Magistral Internacional de Elgoibar"]
[Site "Elgoibar"]
[Date "2014.12.13"]
[Round "1"]
[Board "2"]
[White "Astasio Lopez, David"]
[Black "Strikovic, Aleksa"]
[Result "1/2-1/2"]
[WhiteElo "2403"]
[BlackElo "2528"]
[PlyCount "35"]
[EventDate "2014.12.13"]
[EventRounds "9"]
[EventCountry "ESP"]

1. d4 d6 2. Nf3 Nf6 3. Nbd2 Nbd7 4. e4 e5 5. c3 g6 6. Bc4 Bg7 7. O-O O-O 8.
dxe5 dxe5 9. Qe2 Nh5 10. Nb3 Nf4 11. Bxf4 exf4 12. Rfe1 Ne5 13. Rad1 Qe7 14.
Nxe5 Bxe5 15. Nd4 Bd7 16. Nf3 Bg4 17. h3 Bxf3 18. Qxf3 1/2-1/2

[Event "XXIV Torneo Magistral Internacional de Elgoibar"]
[Site "Elgoibar"]
[Date "2014.12.13"]
[Round "1"]
[Board "3"]
[White "Buscara, Sevan"]
[Black "Barrenechea Bahamonde, Gustavo"]
[Result "1-0"]
[WhiteElo "2376"]
[BlackElo "2142"]
[PlyCount "39"]
[EventDate "2014.12.13"]
[EventRounds "9"]
[EventCountry "ESP"]

1. d4 c5 2. d5 Nf6 3. Nc3 g6 4. e4 d6 5. Be2 Bg7 6. Nf3 O-O 7. O-O e6 8. dxe6
Bxe6 9. Ng5 Nc6 10. Nxe6 fxe6 11. Bg5 Qd7 12. Re1 Nd4 13. e5 Nd5 14. Nxd5 exd5
15. Bg4 Qf7 16. c3 Qxf2+ 17. Kh1 dxe5 18. cxd4 cxd4 19. Be6+ Kh8 20. Re2 1-0

[Event "XXIV Torneo Magistral Internacional de Elgoibar"]
[Site "Elgoibar"]
[Date "2014.12.13"]
[Round "1"]
[Board "4"]
[White "Teran Alvarez, Ismael"]
[Black "Paunovic, Dragan"]
[Result "1-0"]
[WhiteElo "2427"]
[BlackElo "2472"]
[PlyCount "87"]
[EventDate "2014.12.13"]
[EventRounds "9"]
[EventCountry "ESP"]

1. e4 c5 2. Nf3 e6 3. d4 cxd4 4. Nxd4 a6 5. c4 Nf6 6. Nc3 Qc7 7. Be2 b6 8. O-O
Bb7 9. Qd3 d6 10. f4 Nbd7 11. f5 Nc5 12. Qe3 e5 13. Nd5 Qd8 14. Nxf6+ Qxf6 15.
Nc2 Be7 16. b4 Nd7 17. Qd3 a5 18. Ne3 h5 19. Nd5 Bxd5 20. Qxd5 O-O 21. b5 h4
22. Be3 Rfd8 23. g4 hxg3 24. hxg3 Bf8 25. Kg2 Qe7 26. g4 Nf6 27. Qd3 Qb7 28.
Bf3 Be7 29. Rh1 Nh7 30. Qd2 f6 31. Qd3 Ng5 32. Bxg5 fxg5 33. c5 bxc5 34. Qc4+
d5 35. exd5 Bd6 36. Be4 Kf7 37. f6 Rh8 38. Qf1 g6 39. Qd3 Kxf6 40. Bxg6 e4 41.
Qxe4 Qe7 42. Qf5+ Kg7 43. Rae1 Qf6 44. Bh7 1-0

[Event "XXIV Torneo Magistral Internacional de Elgoibar"]
[Site "Elgoibar"]
[Date "2014.12.13"]
[Round "1"]
[Board "5"]
[White "Spraggett, Kevin"]
[Black "Etchegaray, Patrice"]
[Result "1/2-1/2"]
[WhiteElo "2561"]
[BlackElo "2411"]
[PlyCount "83"]
[EventDate "2014.12.13"]
[EventRounds "9"]
[EventCountry "ESP"]

1. e4 c5 2. Nf3 Nc6 3. Bb5 g6 4. Bxc6 dxc6 5. d3 Bg7 6. Nc3 Bg4 7. h3 Bxf3 8.
Qxf3 e5 9. Be3 Qe7 10. O-O Nf6 11. a3 O-O 12. Rab1 Nd7 13. b4 b5 14. Bd2 Rfd8
15. Ne2 Nf8 16. Qg3 Ne6 17. Bc3 Nf4 18. Qf3 Nxe2+ 19. Qxe2 cxb4 20. axb4 c5 21.
bxc5 Qxc5 22. Ba5 Rdc8 23. c3 a6 24. Ra1 Qc6 25. Rfd1 Re8 26. Qa2 Bf8 27. Kh1
Bd6 28. f3 Rec8 29. d4 Qc4 30. Qd2 Bc7 31. Bb4 a5 32. Bc5 Rd8 33. Qb2 b4 34.
cxb4 axb4 35. Rdc1 Rxa1 36. Qxa1 Qb5 37. Be7 b3 38. Rxc7 b2 39. Qb1 Ra8 40. Bf6
Qb6 41. Bxe5 f6 42. Kh2 1/2-1/2

[Event "XXIV Torneo Magistral Internacional de Elgoibar"]
[Site "Elgoibar"]
[Date "2014.12.14"]
[Round "2"]
[Board "1"]
[White "Gonzalez De La Torre, Santiago"]
[Black "Etchegaray, Patrice"]
[Result "0-1"]
[WhiteElo "2435"]
[BlackElo "2411"]
[PlyCount "52"]
[EventDate "2014.12.13"]
[EventRounds "9"]
[EventCountry "ESP"]

1. e4 c5 2. Nf3 Nc6 3. d4 cxd4 4. Nxd4 Nf6 5. Nc3 e5 6. Ndb5 d6 7. Bg5 a6 8.
Na3 b5 9. Bxf6 gxf6 10. Nd5 f5 11. Bd3 Be6 12. O-O Bxd5 13. exd5 Ne7 14. c3 Bg7
15. Nc2 O-O 16. a4 bxa4 17. Rxa4 Rb8 18. Qa1 a5 19. Ne3 e4 20. Bc2 Rb5 21. Rd1
Qc7 22. g3 Rfb8 23. Rc4 Rc5 24. Qa2 Bh6 25. Rdd4 Bxe3 26. fxe3 Rxc4 0-1

[Event "XXIV Torneo Magistral Internacional de Elgoibar"]
[Site "Elgoibar"]
[Date "2014.12.14"]
[Round "2"]
[Board "2"]
[White "Paunovic, Dragan"]
[Black "Spraggett, Kevin"]
[Result "1/2-1/2"]
[WhiteElo "2472"]
[BlackElo "2561"]
[PlyCount "46"]
[EventDate "2014.12.13"]
[EventRounds "9"]
[EventCountry "ESP"]

1. Nf3 Nf6 2. g3 g6 3. Bg2 Bg7 4. O-O O-O 5. c4 d5 6. cxd5 Nxd5 7. Nc3 Nc6 8.
d4 Nb6 9. e3 Re8 10. h3 e5 11. d5 Na5 12. e4 c6 13. Bg5 f6 14. Be3 Nac4 15.
Bxb6 Nxb6 16. dxc6 bxc6 17. Qc2 Be6 18. Rfd1 Qe7 19. Na4 Nxa4 20. Qxa4 Rab8 21.
Qc2 c5 22. Bf1 Kh8 23. Rd3 h5 1/2-1/2

[Event "XXIV Torneo Magistral Internacional de Elgoibar"]
[Site "Elgoibar"]
[Date "2014.12.14"]
[Round "2"]
[Board "4"]
[White "Strikovic, Aleksa"]
[Black "Buscara, Sevan"]
[Result "1-0"]
[WhiteElo "2528"]
[BlackElo "2376"]
[PlyCount "87"]
[EventDate "2014.12.13"]
[EventRounds "9"]
[EventCountry "ESP"]

1. c4 g6 2. d4 Bg7 3. e4 c5 4. d5 d6 5. Nf3 e6 6. Be2 Ne7 7. O-O O-O 8. Nc3 h6
9. dxe6 Bxe6 10. Be3 Nbc6 11. Qd2 Kh7 12. Rfd1 Na5 13. b3 f5 14. Rac1 Bxc3 15.
Qxc3 fxe4 16. Nd2 Nf5 17. Nxe4 b6 18. Nxd6 Nxd6 19. Qe5 Nab7 20. Qxe6 Rf6 21.
Qh3 Qf8 22. Bf3 Rd8 23. Bxb7 Nxb7 24. Rxd8 Nxd8 25. Rd1 Nf7 26. Qd7 a5 27. h4
Kg8 28. Qc7 h5 29. Rd5 Qe8 30. Qg3 Qe4 31. Rxh5 Qb1+ 32. Kh2 Qxa2 33. Qb8+ Kg7
34. Bh6+ Nxh6 35. Rxh6 Qxf2 36. Qh8+ Kf7 37. Rh7+ Ke6 38. Qe8+ Kf5 39. Qd7+ Kf4
40. Qd3 Qd4 41. g3+ Kg4 42. Qe2+ Kf5 43. Re7 Qc3 44. Qe4# 1-0

[Event "XXIV Torneo Magistral Internacional de Elgoibar"]
[Site "Elgoibar"]
[Date "2014.12.14"]
[Round "2"]
[Board "5"]
[White "Almagro Llamas, Pablo"]
[Black "Astasio Lopez, David"]
[Result "1/2-1/2"]
[WhiteElo "2487"]
[BlackElo "2403"]
[PlyCount "85"]
[EventDate "2014.12.13"]
[EventRounds "9"]
[EventCountry "ESP"]

1. e4 c5 2. Nf3 e6 3. d4 cxd4 4. Nxd4 Nf6 5. Nc3 Nc6 6. Ndb5 Bb4 7. a3 Bxc3+ 8.
Nxc3 d5 9. Bd3 dxe4 10. Nxe4 Nxe4 11. Bxe4 Qxd1+ 12. Kxd1 Bd7 13. Be3 O-O-O 14.
Ke2 Kb8 15. f4 Ne7 16. a4 Bc6 17. Bxc6 Nxc6 18. Rhd1 Kc7 19. Rxd8 Rxd8 20. c3
a6 21. a5 Rd5 22. b4 f6 23. Rb1 Rh5 24. h3 e5 25. Rd1 exf4 26. Bxf4+ Kc8 27.
Kf3 Rb5 28. g4 h5 29. Be3 Re5 30. Bb6 hxg4+ 31. Kxg4 g6 32. Rd6 Rg5+ 33. Kf4
Rf5+ 34. Kg3 Rg5+ 35. Kh2 Rf5 36. c4 g5 37. Kg3 Kb8 38. Rd1 Re5 39. Rd6 Rf5 40.
Kg2 Kc8 41. Rd3 Re5 42. Kg3 Rf5 43. Rd6 1/2-1/2

[Event "XXIV Torneo Magistral Internacional de Elgoibar"]
[Site "Elgoibar"]
[Date "2014.12.15"]
[Round "3"]
[Board "1"]
[White "Astasio Lopez, David"]
[Black "Gonzalez De La Torre, Santiago"]
[Result "0-1"]
[WhiteElo "2403"]
[BlackElo "2435"]
[PlyCount "104"]
[EventDate "2014.12.13"]
[EventRounds "9"]
[EventCountry "ESP"]

1. d4 d5 2. Nf3 Nf6 3. e3 e6 4. c4 a6 5. b3 c5 6. Be2 cxd4 7. exd4 Bb4+ 8. Bd2
Be7 9. O-O O-O 10. Be3 b6 11. Nc3 Bb7 12. Qc2 Nc6 13. Rfd1 Rc8 14. Qb2 Bb4 15.
Na4 Ne4 16. a3 Be7 17. Nd2 Nxd2 18. Rxd2 Na5 19. Rc2 dxc4 20. bxc4 b5 21. cxb5
Rxc2 22. Qxc2 axb5 23. Nc5 Bc6 24. Rb1 Qa8 25. f3 Nc4 26. Bxc4 bxc4 27. Ra1 Bd5
28. a4 Qa5 29. Qd2 Ra8 30. Qxa5 Rxa5 31. Bd2 Bxc5 32. dxc5 Rxc5 33. Bc3 Rc6 34.
a5 Ra6 35. Kf2 f6 36. Ke3 e5 37. Rd1 Be6 38. Bb4 Rc6 39. Rd8+ Kf7 40. Kd2 g5
41. Kc3 h5 42. Rd6 Rxd6 43. Bxd6 Bd5 44. a6 Ke6 45. Bc5 f5 46. Bf2 f4 47. a7
Kf5 48. Kb4 g4 49. Kc5 Ke6 50. fxg4 c3 51. Be1 c2 52. Bd2 hxg4 0-1

[Event "XXIV Torneo Magistral Internacional de Elgoibar"]
[Site "Elgoibar"]
[Date "2014.12.15"]
[Round "3"]
[Board "3"]
[White "Teran Alvarez, Ismael"]
[Black "Strikovic, Aleksa"]
[Result "1/2-1/2"]
[WhiteElo "2427"]
[BlackElo "2528"]
[PlyCount "62"]
[EventDate "2014.12.13"]
[EventRounds "9"]
[EventCountry "ESP"]

1. e4 e5 2. Nf3 Nc6 3. Bb5 a6 4. Ba4 Nf6 5. O-O d6 6. d4 b5 7. Bb3 Nxd4 8. Nxd4
exd4 9. c3 dxc3 10. Nxc3 Be7 11. a4 Bb7 12. axb5 axb5 13. Rxa8 Bxa8 14. Nxb5
Bxe4 15. Re1 O-O 16. Bg5 Re8 17. Nd4 h6 18. Bh4 c5 19. Ba4 cxd4 20. Bxe8 Qxe8
21. Bxf6 Bxf6 22. f3 d5 23. fxe4 dxe4 24. Qd3 e3 25. b4 Qa4 26. b5 Qa2 27. Kh1
Qf2 28. Rf1 Qb2 29. Rb1 Qf2 30. Rf1 Qb2 31. Rb1 Qf2 1/2-1/2

[Event "XXIV Torneo Magistral Internacional de Elgoibar"]
[Site "Elgoibar"]
[Date "2014.12.15"]
[Round "3"]
[Board "4"]
[White "Spraggett, Kevin"]
[Black "Barrenechea Bahamonde, Gustavo"]
[Result "1/2-1/2"]
[WhiteElo "2561"]
[BlackElo "2142"]
[PlyCount "105"]
[EventDate "2014.12.13"]
[EventRounds "9"]
[EventCountry "ESP"]

1. e4 e5 2. Nf3 Nc6 3. Bb5 a6 4. Ba4 d6 5. O-O Bg4 6. h3 h5 7. Bxc6+ bxc6 8. d4
Bxf3 9. Qxf3 exd4 10. Rd1 Qf6 11. Qb3 Ne7 12. Qb7 Rd8 13. c3 g5 14. cxd4 g4 15.
Qb3 gxh3 16. Qxh3 Qe6 17. Nc3 Qxh3 18. gxh3 Bh6 19. Rd3 f5 20. Rf3 fxe4 21.
Nxe4 Kd7 22. Nf6+ Kc8 23. Bxh6 Rxh6 24. Re1 Rf8 25. Rxe7 Rhxf6 26. Rxf6 Rxf6
27. Re8+ Kb7 28. Re4 Kb6 29. Kf1 Rf5 30. b3 a5 31. Ke2 c5 32. dxc5+ Kxc5 33.
Re7 c6 34. Ke3 d5 35. f4 Kd6 36. Rg7 Ke6 37. Rg6+ Rf6 38. Rg8 Rf5 39. h4 c5 40.
Rc8 Kd6 41. Kf3 a4 42. Rg8 axb3 43. axb3 c4 44. bxc4 dxc4 45. Ke4 Rf7 46. Rc8
Re7+ 47. Kd4 Rf7 48. Ke4 Re7+ 49. Kf5 Rc7 50. Rd8+ Ke7 51. Rd2 c3 52. Rc2 Rc5+
53. Ke4 1/2-1/2

[Event "XXIV Torneo Magistral Internacional de Elgoibar"]
[Site "Elgoibar"]
[Date "2014.12.15"]
[Round "3"]
[Board "5"]
[White "Etchegaray, Patrice"]
[Black "Paunovic, Dragan"]
[Result "1/2-1/2"]
[WhiteElo "2411"]
[BlackElo "2472"]
[PlyCount "72"]
[EventDate "2014.12.13"]
[EventRounds "9"]
[EventCountry "ESP"]

1. e4 d6 2. d4 Nf6 3. Nc3 e5 4. Nf3 Nbd7 5. Bc4 Be7 6. O-O Nb6 7. Be2 exd4 8.
Nxd4 O-O 9. a4 a5 10. f4 Re8 11. Bf3 c6 12. Kh1 Bf8 13. Re1 g6 14. b3 Nbd7 15.
Ba3 Qb6 16. Qd2 Nc5 17. h3 Bg7 18. Rad1 h6 19. Re3 Be6 20. Qe1 Rad8 21. Nxe6
Nxe6 22. Rxd6 Nxf4 23. Rxd8 Qxd8 24. e5 N6d5 25. Nxd5 Nxd5 26. Bxd5 Qxd5 27.
Bb2 b6 28. c4 Qe6 29. c5 bxc5 30. Qxa5 c4 31. Qb6 cxb3 32. Qxb3 Qxb3 33. Rxb3
Bxe5 34. Bxe5 Rxe5 35. Rc3 Ra5 36. Rxc6 Rxa4 1/2-1/2

[Event "XXIV Torneo Magistral Internacional de Elgoibar"]
[Site "Elgoibar"]
[Date "2014.12.15"]
[Round "4"]
[Board "1"]
[White "Gonzalez De La Torre, Santiago"]
[Black "Paunovic, Dragan"]
[Result "1-0"]
[WhiteElo "2435"]
[BlackElo "2472"]
[PlyCount "97"]
[EventDate "2014.12.13"]
[EventRounds "9"]
[EventCountry "ESP"]

1. e4 d6 2. d4 Nf6 3. Nc3 e5 4. Nf3 Nbd7 5. Bc4 Be7 6. O-O O-O 7. Re1 c6 8. a4
Qa5 9. Bd2 Qc7 10. a5 h6 11. Be2 Re8 12. h3 Nf8 13. d5 Bd7 14. Be3 c5 15. Bc4
a6 16. Bf1 Ng6 17. g3 Rf8 18. Nd2 Nh7 19. Nc4 Bg5 20. Bxg5 Nxg5 21. h4 Nh7 22.
h5 Ne7 23. f4 f6 24. Na4 Rad8 25. Nab6 Nc8 26. Nxd7 Qxd7 27. Ra3 Na7 28. Rb3
Nb5 29. Nb6 Qe8 30. Bxb5 axb5 31. Qg4 exf4 32. gxf4 f5 33. Qg6 fxe4 34. Rxe4
Qxg6+ 35. hxg6 Nf6 36. Re7 Nh5 37. Rf3 Rb8 38. Nd7 Rfe8 39. Rfe3 Rxe7 40. Rxe7
Ra8 41. f5 c4 42. Kf2 Nf6 43. Nxf6+ gxf6 44. Re6 Rxa5 45. Rxd6 Ra2 46. Rd8+ Kg7
47. d6 Ra6 48. Kf3 h5 49. Ke4 1-0

[Event "XXIV Torneo Magistral Internacional de Elgoibar"]
[Site "Elgoibar"]
[Date "2014.12.15"]
[Round "4"]
[Board "2"]
[White "Barrenechea Bahamonde, Gustavo"]
[Black "Etchegaray, Patrice"]
[Result "1/2-1/2"]
[WhiteElo "2142"]
[BlackElo "2411"]
[PlyCount "65"]
[EventDate "2014.12.13"]
[EventRounds "9"]
[EventCountry "ESP"]

1. e4 c5 2. Nf3 Nc6 3. Bb5 g6 4. O-O Bg7 5. c3 Nf6 6. d4 Nxe4 7. d5 Nd6 8. Bd3
Ne5 9. Nxe5 Bxe5 10. Re1 Bg7 11. Bg5 f6 12. Bf4 Nf7 13. h4 O-O 14. Nd2 e5 15.
dxe6 dxe6 16. Qe2 e5 17. Be3 Qe7 18. Ne4 b6 19. f4 f5 20. Ng5 Nxg5 21. hxg5 h6
22. gxh6 Bxh6 23. fxe5 f4 24. Bf2 Bb7 25. Qg4 Qg5 26. Qxg5 Bxg5 27. Bxg6 Kg7
28. Be4 Bxe4 29. Rxe4 Rad8 30. Rae1 Rd2 31. R4e2 Rxe2 32. Rxe2 Kf7 33. Be1
 1/2-1/2

[Event "XXIV Torneo Magistral Internacional de Elgoibar"]
[Site "Elgoibar"]
[Date "2014.12.15"]
[Round "4"]
[Board "3"]
[White "Strikovic, Aleksa"]
[Black "Spraggett, Kevin"]
[Result "1/2-1/2"]
[WhiteElo "2528"]
[BlackElo "2561"]
[PlyCount "114"]
[EventDate "2014.12.13"]
[EventRounds "9"]
[EventCountry "ESP"]

1. e4 e5 2. Nf3 Nc6 3. Bb5 a6 4. Ba4 Nf6 5. Qe2 b5 6. Bb3 Be7 7. O-O O-O 8. c3
d6 9. Rd1 Na5 10. Bc2 c5 11. d4 Qc7 12. d5 Bd7 13. Nbd2 c4 14. Nf1 Nb7 15. Ng3
g6 16. Bh6 Rfe8 17. h3 Nc5 18. Qd2 Qb6 19. Rf1 a5 20. Be3 b4 21. Nh2 h5 22. Nf3
Rac8 23. Rfe1 b3 24. axb3 cxb3 25. Bd3 a4 26. Qe2 Qb8 27. Bg5 Nxd3 28. Qxd3 Qb5
29. Qe3 Ra8 30. Nd2 Bd8 31. Nb1 Bb6 32. Qd2 Nh7 33. Na3 Qa6 34. Be3 Rac8 35.
Bxb6 Qxb6 36. Qh6 Qd8 37. Qe3 Kg7 38. Nf1 Qa5 39. Nd2 Bb5 40. Nxb5 Qxb5 41. Qe2
Qxe2 42. Rxe2 Ra8 43. Nc4 Ra6 44. f3 Nf6 45. Kf2 Nd7 46. Ke3 h4 47. Kd2 Rc8 48.
Na3 Nc5 49. c4 f5 50. Kc3 Kf6 51. Nb5 Kg5 52. Rf1 Kf4 53. Kb4 Rb6 54. Rd1 Nb7
55. Ra1 Nc5 56. Rd1 Ra8 57. Kc3 Rc8 1/2-1/2

[Event "XXIV Torneo Magistral Internacional de Elgoibar"]
[Site "Elgoibar"]
[Date "2014.12.15"]
[Round "4"]
[Board "4"]
[White "Almagro Llamas, Pablo"]
[Black "Teran Alvarez, Ismael"]
[Result "0-1"]
[WhiteElo "2487"]
[BlackElo "2427"]
[PlyCount "75"]
[EventDate "2014.12.13"]
[EventRounds "9"]
[EventCountry "ESP"]

1. d4 e6 2. Nf3 f5 3. c4 Nf6 4. g3 d5 5. Bg2 c6 6. O-O Bd6 7. b3 Qe7 8. Bb2 b6
9. Nbd2 O-O 10. Rc1 Bb7 11. Ne5 Na6 12. e3 Rac8 13. Qe2 c5 14. Rfd1 Rfd8 15.
cxd5 exd5 16. Ndf3 Ne4 17. Bh3 Rf8 18. dxc5 bxc5 19. Ba1 Nb8 20. Qb2 c4 21.
bxc4 Ba3 22. Qb1 Bxc1 23. Rxc1 dxc4 24. Nh4 g6 25. Bf1 Bd5 26. Nxc4 Nf6 27. Ng2
Nc6 28. Nf4 Be4 29. Qb2 Rb8 30. Qd2 g5 31. Ne2 Rbd8 32. Qe1 Ng4 33. Qc3 Nf6 34.
Nd2 Bd5 35. Bg2 Bxg2 36. Kxg2 Rc8 37. Nf3 h6 38. Qb3+ 0-1

[Event "XXIV Torneo Magistral Internacional de Elgoibar"]
[Site "Elgoibar"]
[Date "2014.12.15"]
[Round "4"]
[Board "5"]
[White "Astasio Lopez, David"]
[Black "Buscara, Sevan"]
[Result "1-0"]
[WhiteElo "2403"]
[BlackElo "2376"]
[PlyCount "85"]
[EventDate "2014.12.13"]
[EventRounds "9"]
[EventCountry "ESP"]

1. d4 g6 2. Nf3 Bg7 3. Nbd2 d6 4. e4 Nf6 5. Bc4 c6 6. Bb3 O-O 7. O-O Na6 8. Re1
Nh5 9. c3 c5 10. d5 Nc7 11. a4 Rb8 12. Nf1 b6 13. Bg5 h6 14. Bh4 Bb7 15. Qd2 a6
16. Rad1 b5 17. Ba2 Nf6 18. axb5 axb5 19. h3 Ra8 20. Bb1 Ra1 21. N1h2 Qd7 22.
Bg3 Rfa8 23. Bf4 g5 24. Nxg5 hxg5 25. Bxg5 Nfe8 26. Bh6 e5 27. dxe6 Qxe6 28.
Bxg7 Nxg7 29. e5 dxe5 30. Bh7+ Kxh7 31. Rxa1 Rxa1 32. Rxa1 Nf5 33. Qg5 e4 34.
Re1 Nd5 35. Ng4 Nd6 36. Rd1 Ne8 37. Qh5+ Kg7 38. Qg5+ Kf8 39. Ne3 Nxe3 40.
Qxc5+ Kg7 41. Qxe3 Bc6 42. Qc5 Qg6 43. Rd2 {(Ilegible)} 1-0

[Event "XXIV Torneo Magistral Internacional de Elgoibar"]
[Site "Elgoibar"]
[Date "2014.12.16"]
[Round "5"]
[Board "1"]
[White "Buscara, Sevan"]
[Black "Gonzalez De La Torre, Santiago"]
[Result "1-0"]
[WhiteElo "2376"]
[BlackElo "2435"]
[PlyCount "89"]
[EventDate "2014.12.13"]
[EventRounds "9"]
[EventCountry "ESP"]

1. g3 e5 2. Bg2 d5 3. d3 Nc6 4. a3 Be6 5. b4 Qd7 6. Bb2 f6 7. Nd2 a5 8. b5 Nd8
9. c4 c6 10. bxc6 bxc6 11. Ngf3 Bd6 12. O-O Ne7 13. cxd5 cxd5 14. e4 Rb8 15.
exd5 Nxd5 16. Nc4 O-O 17. Rb1 Bc7 18. Re1 Nb6 19. Nfxe5 fxe5 20. Nxe5 Qe7 21.
Be4 Qf6 22. f4 Nf7 23. Ng6 Qd8 24. Nxf8 Qxf8 25. Qh5 Nh6 26. Bxh7+ Kxh7 27.
Rxe6 Na4 28. Qg6+ Kg8 29. Rbe1 Nxb2 30. Re8 Nf7 31. Rxf8+ Kxf8 32. Qe4 Bb6+ 33.
Kf1 Rd8 34. Qe7+ Kg8 35. Qb7 Bd4 36. Qb5 Kf8 37. Rb1 Bf6 38. Rxb2 Bxb2 39. Qxb2
Rxd3 40. Qb8+ Rd8 41. Qa7 Rd2 42. Qxa5 Ra2 43. Qa8+ Ke7 44. Qb7+ Kf8 45. Qb1
 1-0

[Event "XXIV Torneo Magistral Internacional de Elgoibar"]
[Site "Elgoibar"]
[Date "2014.12.16"]
[Round "5"]
[Board "2"]
[White "Teran Alvarez, Ismael"]
[Black "Astasio Lopez, David"]
[Result "1-0"]
[WhiteElo "2427"]
[BlackElo "2403"]
[PlyCount "54"]
[EventDate "2014.12.13"]
[EventRounds "9"]
[EventCountry "ESP"]

1. e4 c5 2. Nf3 e6 3. d4 cxd4 4. Nxd4 Nf6 5. Nc3 Nc6 6. a3 Qc7 7. Be3 a6 8. Be2
b5 9. Nxc6 dxc6 10. f4 Be7 11. O-O O-O 12. e5 Nd5 13. Nxd5 exd5 14. f5 Qxe5 15.
Bd4 Qd6 16. f6 Bxf6 17. Bxf6 gxf6 18. Bd3 f5 19. Qd2 f6 20. Bxf5 Bxf5 21. Rxf5
Rae8 22. Raf1 Re6 23. Qh6 Rf7 24. R1f3 Qc5+ 25. Kf1 Qxc2 26. Rg3+ Kh8 27. h3
Qc5 {(Ilegibles)} 1-0

[Event "XXIV Torneo Magistral Internacional de Elgoibar"]
[Site "Elgoibar"]
[Date "2014.12.16"]
[Round "5"]
[Board "4"]
[White "Etchegaray, Patrice"]
[Black "Strikovic, Aleksa"]
[Result "1/2-1/2"]
[WhiteElo "2411"]
[BlackElo "2528"]
[PlyCount "55"]
[EventDate "2014.12.13"]
[EventRounds "9"]
[EventCountry "ESP"]

1. d4 d6 2. e4 Nf6 3. Nc3 e5 4. Nf3 Nbd7 5. Bc4 Be7 6. O-O O-O 7. a4 c6 8. Re1
b6 9. d5 cxd5 10. Nxd5 Nxd5 11. Bxd5 Rb8 12. c3 a6 13. b4 Nf6 14. c4 Nxd5 15.
cxd5 Bd7 16. Be3 Rc8 17. Qb3 b5 18. a5 Bg4 19. Nd2 Qc7 20. Qa3 Qc3 21. Qxc3
Rxc3 22. h3 Bd7 23. Rac1 Rfc8 24. Nb1 R3c4 25. Na3 Rc3 26. Nb1 R3c4 27. Na3 Rc3
28. Nb1 1/2-1/2

[Event "XXIV Torneo Magistral Internacional de Elgoibar"]
[Site "Elgoibar"]
[Date "2014.12.16"]
[Round "5"]
[Board "5"]
[White "Paunovic, Dragan"]
[Black "Barrenechea Bahamonde, Gustavo"]
[Result "1/2-1/2"]
[WhiteElo "2472"]
[BlackElo "2142"]
[PlyCount "33"]
[EventDate "2014.12.13"]
[EventRounds "9"]
[EventCountry "ESP"]

1. d4 d5 2. c4 e6 3. Nf3 c5 4. cxd5 exd5 5. g3 Nc6 6. Bg2 Nf6 7. O-O Be7 8.
dxc5 Bxc5 9. Bg5 O-O 10. Nc3 d4 11. Bxf6 Qxf6 12. Nd5 Qd8 13. Nd2 a6 14. Rc1
Ba7 15. a3 Bg4 16. Nf4 Re8 17. h3 1/2-1/2

[Event "XXIV Torneo Magistral Internacional de Elgoibar"]
[Site "Elgoibar"]
[Date "2014.12.17"]
[Round "6"]
[Board "1"]
[White "Gonzalez De La Torre, Santiago"]
[Black "Barrenechea Bahamonde, Gustavo"]
[Result "0-1"]
[WhiteElo "2435"]
[BlackElo "2142"]
[PlyCount "88"]
[EventDate "2014.12.13"]
[EventRounds "9"]
[EventCountry "ESP"]

1. e4 c5 2. Nf3 g6 3. d4 cxd4 4. Nxd4 Nf6 5. Nc3 d6 6. Bc4 Bg7 7. O-O O-O 8.
Bb3 Nc6 9. Nf3 b6 10. Re1 Bb7 11. Nd5 Na5 12. c3 Nxb3 13. axb3 Nd7 14. Bg5 f6
15. Bh4 e6 16. Nf4 Qe8 17. Qxd6 Nc5 18. b4 Rd8 19. Qxd8 Qxd8 20. bxc5 Re8 21.
Nd4 Bc8 22. Rxa7 bxc5 23. e5 Qb6 24. Rxg7+ Kxg7 25. exf6+ Kg8 26. Nf3 Rf8 27.
Ne5 Qxb2 28. Nfd3 Qxc3 29. Bg5 Qd4 30. Be3 Qd5 31. f7+ Rxf7 32. Nxf7 Qxd3 33.
Ne5 Qd5 34. Nf3 e5 35. Bh6 e4 36. Nd2 Bf5 37. g4 e3 38. Rxe3 Bxg4 39. Ne4 Qd1+
40. Kg2 Bf5 41. Ng5 Bd7 42. Re7 Qg4+ 43. Kf1 Bb5+ 44. Ke1 Qg1+ 0-1

[Event "XXIV Torneo Magistral Internacional de Elgoibar"]
[Site "Elgoibar"]
[Date "2014.12.17"]
[Round "6"]
[Board "2"]
[White "Strikovic, Aleksa"]
[Black "Paunovic, Dragan"]
[Result "1/2-1/2"]
[WhiteElo "2528"]
[BlackElo "2472"]
[PlyCount "26"]
[EventDate "2014.12.13"]
[EventRounds "9"]
[EventCountry "ESP"]

1. c4 c5 2. Nf3 g6 3. g3 Bg7 4. Bg2 Nc6 5. Nc3 d6 6. O-O e5 7. d3 Nge7 8. Ne1
Be6 9. Nd5 O-O 10. Nc2 a6 11. Nce3 Rb8 12. Rb1 b5 13. b3 b4 1/2-1/2

[Event "XXIV Torneo Magistral Internacional de Elgoibar"]
[Site "Elgoibar"]
[Date "2014.12.17"]
[Round "6"]
[Board "3"]
[White "Almagro Llamas, Pablo"]
[Black "Etchegaray, Patrice"]
[Result "0-1"]
[WhiteElo "2487"]
[BlackElo "2411"]
[PlyCount "52"]
[EventDate "2014.12.13"]
[EventRounds "9"]
[EventCountry "ESP"]

1. e4 c5 2. Nf3 Nc6 3. Bb5 d6 4. Bxc6+ bxc6 5. h3 e5 6. O-O Be7 7. c3 f5 8.
exf5 e4 9. Ne1 Bxf5 10. d3 exd3 11. Nxd3 Nf6 12. c4 O-O 13. Nc3 Qd7 14. Re1
Rae8 15. b3 Bd8 16. Rxe8 Rxe8 17. Be3 Qf7 18. Qd2 Ba5 19. Qc2 Qg6 20. Rd1 Bxh3
21. Ne1 Qxc2 22. Nxc2 Bf5 23. Na4 Bxc2 24. Rxd6 Ng4 25. Rxc6 Rd8 26. Kf1 Rd1+
 0-1

[Event "XXIV Torneo Magistral Internacional de Elgoibar"]
[Site "Elgoibar"]
[Date "2014.12.17"]
[Round "6"]
[Board "4"]
[White "Astasio Lopez, David"]
[Black "Spraggett, Kevin"]
[Result "0-1"]
[WhiteElo "2403"]
[BlackElo "2561"]
[PlyCount "82"]
[EventDate "2014.12.13"]
[EventRounds "9"]
[EventCountry "ESP"]

1. d4 d5 2. Nf3 Nf6 3. Nbd2 e6 4. e3 c5 5. c3 Nbd7 6. Bd3 g6 7. O-O Bg7 8. b4
c4 9. Bc2 O-O 10. Qe2 Re8 11. e4 e5 12. Nxe5 Nxe5 13. dxe5 Rxe5 14. f4 Bg4 15.
Qe3 Rxe4 16. Nxe4 dxe4 17. Bxe4 Nxe4 18. Qxe4 Bxc3 19. Be3 Bxa1 20. Rxa1 Qd3
21. Qe5 Qf5 22. Rc1 Qxe5 23. fxe5 Be2 24. Kf2 Bd3 25. Bg5 a5 26. a3 axb4 27.
axb4 Ra2+ 28. Kf3 Kf8 29. h4 Ke8 30. g4 Kd7 31. Bf6 Ke6 32. Kf4 b5 33. Kg5 Ra4
34. Kh6 Rxb4 35. Bg5 Ra4 36. Kxh7 b4 37. Bd2 g5+ 38. Kg7 gxh4 39. Rh1 c3 40.
Be3 b3 41. Rxh4 b2 0-1